[Event "CZE-chT 2324"]
[Site "Czech Republic"]
[Date "2023.10.14"]
[Round "1.4"]
[White "Bartel, Mateusz"]
[Black "Rubes, Jan"]
[Result "1-0"]
[WhiteElo "2651"]
[BlackElo "2415"]
[PlyCount "53"]
[EventDate "2023.10.14"]
[EventType "team-tourn"]
[EventRounds "11"]
[EventCountry "CZE"]
[SourceTitle "Mega2024 Update 01"]
[Source "Chessbase"]
[SourceDate "2023.11.12"]
[SourceVersion "1"]
[SourceVersionDate "2023.11.12"]
[SourceQuality "1"]
[WhiteTeam "Novoborsky"]
[BlackTeam "Kromeriz Slavia"]
[WhiteTeamCountry "CZE"]
[BlackTeamCountry "CZE"]

1. c4 e6 2. Nc3 d5 3. e3 Nf6 4. Nf3 a6 5. b3 b6 6. cxd5 exd5 7. g3 Bb7 8. Bg2 Nbd7 9. Bb2 Bd6 10. Nh4 Nc5 11. Qc2 0-0 12. 0-0 Re8 13. Ne2 a5 14. Rfd1 Bf8 15. Rac1 Ne6 16. Nf5 c5 17. d4 g6 18. dxc5 bxc5 19. Qc3 d4 20. exd4 Nd5 21. Qd2 gxf5 22. dxc5 Nxc5 23. Bxd5 Bxd5 24. Nf4 Ne4 25. Qxd5 Qxd5 26. Nxd5 Rec8 27. f3 1-0

[Event "Teplice op"]
[Site "Teplice"]
[Date "2023.06.12"]
[Round "3"]
[White "Teclaf, Pawel"]
[Black "Rubes, Jan"]
[Result "1-0"]
[WhiteElo "2576"]
[BlackElo "2400"]
[PlyCount "87"]
[EventDate "2023.06.10"]
[EventType "swiss"]
[EventRounds "9"]
[EventCountry "CZE"]
[SourceTitle "CBM 214 Extra"]
[Source "ChessBase"]
[SourceDate "2023.07.31"]
[SourceVersion "1"]
[SourceVersionDate "2023.07.31"]
[SourceQuality "1"]

1. b3 d5 2. Bb2 Nf6 3. Nf3 Bf5 4. Nh4 Bd7 5. e3 e6 6. c4 c5 7. cxd5 Nxd5 8. Nf3 Nc6 9. Nc3 Nxc3 10. Bxc3 Qc7 11. Ng5 h5 12. Be2 Be7 13. f4 e5 14. 0-0 Bxg5 15. fxg5 Be6 16. Bxh5 Qe7 17. Bg4 Qxg5 18. Bxe6 fxe6 19. Qe2 0-0-0 20. Qc4 Qe7 21. g3 Rh5 22. Rf2 Rf5 23. Raf1 Rdf8 24. b4 Rxf2 25. Rxf2 Rxf2 26. Kxf2 cxb4 27. Bxe5 Qf7+ 28. Ke1 g5 29. g4 a5 30. Ke2 a4 31. Bd6 Kd7 32. Bxb4 Qh7 33. Bc3 Qxh2+ 34. Kd3 Qd6+ 35. Kc2 e5 36. Qxa4 Qd5 37. Kb2 Kc7 38. Qb3 Qe4 39. Qf7+ Kb6 40. Qh5 Nb4 41. Qxg5 Qc2+ 42. Ka3 Nc6 43. Qf5 e4 44. Qd5 1-0

[Event "Usti nad Labem blitz op"]
[Site "Usti nad Labem"]
[Date "2023.05.07"]
[Round "13"]
[White "Rubes, Jan"]
[Black "Chrz, Pavel"]
[Result "1-0"]
[WhiteElo "2435"]
[BlackElo "1861"]
[PlyCount "47"]
[EventDate "2023.05.07"]
[EventType "swiss (blitz)"]
[EventRounds "15"]
[EventCountry "CZE"]
[SourceTitle "CBM 214 Extra"]
[Source "ChessBase"]
[SourceDate "2023.07.31"]
[SourceVersion "1"]
[SourceVersionDate "2023.07.31"]
[SourceQuality "1"]

1. d4 d6 2. Nf3 Nc6 3. d5 Ne5 4. Nxe5 dxe5 5. Nc3 e6 6. e4 Nf6 7. dxe6 Qxd1+ 8. Nxd1 Nxe4 9. exf7+ Kxf7 10. Bc4+ Be6 11. Bxe6+ Kxe6 12. 0-0 Bc5 13. Re1 Nd6 14. Be3 Bb6 15. b3 Rhf8 16. Nb2 e4 17. a4 Rf7 18. a5 Bxe3 19. Rxe3 Raf8 20. f3 Rf4 21. Rae1 Kd5 22. fxe4+ Nxe4 23. Nd3 Nd2 24. Nxf4+ 1-0

[Event "CZE-chT 2223"]
[Site "Czech Republic"]
[Date "2023.03.26"]
[Round "11.2"]
[White "Jurcik, Marian"]
[Black "Rubes, Jan"]
[Result "1/2-1/2"]
[WhiteElo "2400"]
[BlackElo "2395"]
[PlyCount "39"]
[EventDate "2022.10.15"]
[EventType "team-tourn"]
[EventRounds "11"]
[EventCountry "CZE"]
[SourceTitle "CBM 213 Extra"]
[Source "ChessBase"]
[SourceDate "2023.05.31"]
[SourceVersion "1"]
[SourceVersionDate "2023.05.31"]
[SourceQuality "1"]
[WhiteTeam "Unichess"]
[BlackTeam "Kromeriz Slavia"]
[WhiteTeamCountry "CZE"]
[BlackTeamCountry "CZE"]

1. e4 e5 2. Nf3 Nc6 3. Bb5 a6 4. Ba4 Nf6 5. 0-0 Be7 6. d3 b5 7. Bb3 d6 8. a3 0-0 9. Nc3 Rb8 10. h3 Na5 11. Ba2 c5 12. Bg5 Nc6 13. Bxf6 Bxf6 14. Nd5 g6 15. Nxf6+ Qxf6 16. c3 Be6 17. Bxe6 Qxe6 18. Re1 Rfc8 19. Qd2 Rb7 20. Rad1 1/2-1/2

[Event "CZE-chT 2223"]
[Site "Czech Republic"]
[Date "2023.01.08"]
[Round "6.4"]
[White "Stalmach, Richard"]
[Black "Rubes, Jan"]
[Result "1/2-1/2"]
[WhiteElo "2434"]
[BlackElo "2395"]
[PlyCount "119"]
[EventDate "2022.10.15"]
[EventType "team-tourn"]
[EventRounds "11"]
[EventCountry "CZE"]
[SourceTitle "CBM 213 Extra"]
[Source "ChessBase"]
[SourceDate "2023.05.31"]
[SourceVersion "1"]
[SourceVersionDate "2023.05.31"]
[SourceQuality "1"]
[WhiteTeam "Frydek Mistek"]
[BlackTeam "Kromeriz Slavia"]
[WhiteTeamCountry "CZE"]
[BlackTeamCountry "CZE"]

1. d4 d5 2. c4 e6 3. Nc3 Nf6 4. Nf3 Be7 5. Bf4 0-0 6. e3 Nbd7 7. c5 c6 8. h3 b6 9. b4 a5 10. a3 Ba6 11. Bxa6 Rxa6 12. 0-0 Qa8 13. Qb1 Qb7 14. Rc1 axb4 15. axb4 Rxa1 16. Qxa1 Ra8 17. Qb1 b5 18. Rc2 Ra6 19. Ra2 Bd8 20. Qa1 Rxa2 21. Qxa2 Ne8 22. Ne1 Bc7 23. Nd3 Kf8 24. g4 Bxf4 25. exf4 Nc7 26. Qa5 Ke7 27. Kg2 Kd8 28. Qa2 Qa8 29. Qb2 Ne8 30. Nc1 Nf8 31. Nb3 Ng6 32. Ne2 Nf6 33. f3 Kd7 34. Qa1 Qb8 35. Qc1 h5 36. Kf2 Qc7 37. Ke3 Nh4 38. Kf2 Qb8 39. Qe3 Ng6 40. Qc1 hxg4 41. hxg4 Qh8 42. Qa1 Qb8 43. Ke3 Nh4 44. Kf2 Ng6 45. Ke3 Nh4 46. Qh1 Ng6 47. Qe1 Qh8 48. Qa1 Qb8 49. Nbc1 Ne8 50. Nd3 f6 51. Qh1 Ne7 52. Qh5 Qa8 53. Qf7 Qa1 54. f5 exf5 55. Ndf4 fxg4 56. Ng6 Qa3+ 57. Kf2 Qxf3+ 58. Ke1 Qe4 59. Nf8+ Kd8 60. Ne6+ 1/2-1/2

[Event "Teplice op 15th"]
[Site "Teplice"]
[Date "2022.06.20"]
[Round "3"]
[White "Sanal, Vahap"]
[Black "Rubes, Jan"]
[Result "1/2-1/2"]
[WhiteElo "2576"]
[BlackElo "2395"]
[PlyCount "68"]
[EventDate "2022.06.18"]
[EventType "swiss"]
[EventRounds "9"]
[EventCountry "CZE"]
[SourceTitle "CBM 209 Extra"]
[Source "ChessBase"]
[SourceDate "2022.09.30"]
[SourceVersion "1"]
[SourceVersionDate "2022.09.30"]
[SourceQuality "1"]

1. e4 c5 2. Nc3 e6 3. Nf3 Nc6 4. d4 cxd4 5. Nxd4 Qc7 6. g3 a6 7. Bg2 d6 8. 0-0 Bd7 9. Re1 Be7 10. Nxc6 Bxc6 11. Qg4 h5 12. Qe2 Nf6 13. a4 h4 14. a5 hxg3 15. hxg3 Rh5 16. b4 Rc8 17. Bd2 g6 18. Bf3 Re5 19. Bf4 Nd7 20. Bxe5 Nxe5 21. Bg2 Bd7 22. Ra3 Bf6 23. Rd1 g5 24. Rb3 g4 25. Qe3 Ke7 26. Ne2 Qxc2 27. Rc1 Qa2 28. Rxc8 Bxc8 29. Nc3 Qc2 30. Rb1 Bd7 31. Rc1 Qb2 32. Rb1 Qc2 33. Rc1 Qb2 34. Rb1 Qc2 1/2-1/2

[Event "CZE-ch"]
[Site "Usti nad Labem"]
[Date "2022.05.18"]
[Round "5"]
[White "Stocek, Jiri"]
[Black "Rubes, Jan"]
[Result "1-0"]
[WhiteElo "2533"]
[BlackElo "2386"]
[PlyCount "131"]
[EventDate "2022.05.14"]
[EventType "swiss"]
[EventRounds "9"]
[EventCountry "CZE"]
[SourceTitle "CBM 208 Extra"]
[Source "ChessBase"]
[SourceDate "2022.07.31"]
[SourceVersion "1"]
[SourceVersionDate "2022.07.31"]
[SourceQuality "1"]

1. d4 Nf6 2. c4 e6 3. Nf3 d5 4. Bg5 h6 5. Bxf6 Qxf6 6. Qb3 dxc4 7. Qxc4 Nc6 8. e4 Bb4+ 9. Nc3 0-0 10. Bd3 Rd8 11. e5 Qf4 12. Rd1 Bd7 13. Bb1 h5 14. 0-0 Bxc3 15. Qxc3 Ne7 16. Qxc7 Nd5 17. Qc2 g6 18. Rfe1 Rac8 19. Qb3 Nb6 20. Qe3 Nd5 21. Qa3 Bc6 22. g3 Qh6 23. h4 Qf8 24. Qxf8+ Kxf8 25. Ng5 Ne7 26. Rd2 Rd7 27. Red1 Rcd8 28. Nh7+ Kg7 29. Nf6 Rc7 30. Rc1 Rcc8 31. Be4 Bxe4 32. Rxc8 Rxc8 33. Nxe4 Rc1+ 34. Kg2 Nd5 35. Kf3 b6 36. a3 a5 37. Ke2 b5 38. Nc5 a4 39. Rd1 Rc2+ 40. Rd2 Rc1 41. Kd3 b4 42. axb4 Nxb4+ 43. Ke2 Ra1 44. Ne4 a3 45. bxa3 Rxa3 46. Nd6 Ra2 47. Rxa2 Nxa2 48. Kd3 Nb4+ 49. Kc4 Nd5 50. Ne8+ Kh6 51. Nf6 Ne7 52. d5 exd5+ 53. Kc5 g5 54. hxg5+ Kxg5 55. Kd6 Ng6 56. Kxd5 h4 57. gxh4+ Nxh4 58. Ke4 Kg6 59. Nd5 Nf5 60. Kf4 Ng7 61. Kg4 Ne8 62. f4 Ng7 63. f5+ Kh7 64. Kg5 Kg8 65. Nc7 Kf8 66. f6 1-0

[Event "CZE-ch Betsys Online Blitz"]
[Site "Chess.com INT"]
[Date "2021.04.17"]
[Round "7"]
[White "Pekarek, Ales1111"]
[Black "Rubes, Jan"]
[Result "0-1"]
[WhiteElo "1910"]
[BlackElo "2400"]
[PlyCount "112"]
[EventDate "2021.04.17"]
[EventType "swiss (blitz)"]
[EventRounds "13"]
[EventCountry "CZE"]
[SourceTitle "CBM 201 Extra"]
[Source "ChessBase"]
[SourceDate "2021.05.31"]
[SourceVersion "1"]
[SourceVersionDate "2021.05.31"]
[SourceQuality "1"]

1. e4 c5 2. c3 Nf6 3. e5 Nd5 4. d4 cxd4 5. Nf3 Nc6 6. cxd4 d6 7. exd6 e6 8. Nc3 Bxd6 9. Nxd5 exd5 10. Bd3 Qe7+ 11. Be3 0-0 12. 0-0 h6 13. h3 Be6 14. Re1 Rac8 15. a3 Qf6 16. Rc1 Rfe8 17. Bb1 Ne7 18. Qb3 Rxc1 19. Rxc1 Bxh3 20. Bxh6 Qxh6 21. Re1 Bg4 22. Ne5 Qd2 23. Kf1 Bxe5 24. Rxe5 Qd1+ 25. Qxd1 Bxd1 26. Ba2 Ba4 27. Bxd5 Nxd5 28. Rxd5 Bc6 29. Rc5 Rd8 30. Ra5 a6 31. Rc5 Rxd4 32. g3 f6 33. Ke2 Kf7 34. Ke3 Rd1 35. Ke2 Rb1 36. Rc2 g5 37. Ke3 Kg6 38. Kd4 g4 39. Ke3 Re1+ 40. Kd4 Re5 41. b4 Bf3 42. Kc4 Re2 43. Rxe2 Bxe2+ 44. Kc5 Bf3 45. a4 Kf5 46. b5 axb5 47. axb5 Ke5 48. Kc4 Kd6 49. Kd4 Bd5 50. Ke3 Kc5 51. Kf4 Bf3 52. Kf5 Kxb5 53. Kxf6 Kc4 54. Ke5 b5 55. Kf4 b4 56. Ke3 Kc3 0-1

[Event "CZE-ch Betsys Online Blitz"]
[Site "Chess.com INT"]
[Date "2021.04.17"]
[Round "6"]
[White "Rubes, Jan"]
[Black "Nezval, Filip1111"]
[Result "0-1"]
[WhiteElo "2400"]
[BlackElo "2002"]
[PlyCount "72"]
[EventDate "2021.04.17"]
[EventType "swiss (blitz)"]
[EventRounds "13"]
[EventCountry "CZE"]
[SourceTitle "CBM 201 Extra"]
[Source "ChessBase"]
[SourceDate "2021.05.31"]
[SourceVersion "1"]
[SourceVersionDate "2021.05.31"]
[SourceQuality "1"]

1. e4 c6 2. d4 d5 3. exd5 cxd5 4. c3 Nc6 5. Bf4 Nf6 6. Nd2 Bg4 7. Qb3 Qd7 8. Ngf3 Bxf3 9. Nxf3 e6 10. Bb5 Bd6 11. Bxd6 Qxd6 12. 0-0 0-0 13. Rae1 a6 14. Bd3 b5 15. a3 Rab8 16. Ne5 Qc7 17. Qd1 a5 18. f4 b4 19. axb4 axb4 20. Re3 bxc3 21. bxc3 Ne4 22. Bxe4 dxe4 23. Qh5 g6 24. Qh4 f5 25. Rg3 Nxe5 26. fxe5 Rb3 27. Qh3 Kg7 28. Re3 h6 29. g4 f4 30. Rxe4 Rxc3 31. Qg2 f3 32. Qd2 Rc2 33. Qe3 Rg2+ 34. Kh1 Qc2 35. Rxf3 Rxh2+ 36. Kg1 Qg2# 0-1

[Event "CZE-chT 1920"]
[Site "Czech Republic"]
[Date "2020.01.25"]
[Round "5.5"]
[White "Rubes, Jan"]
[Black "Babula, Vlastimil"]
[Result "1/2-1/2"]
[WhiteElo "2363"]
[BlackElo "2559"]
[PlyCount "120"]
[EventDate "2019.10.12"]
[EventType "team-tourn"]
[EventRounds "11"]
[EventCountry "CZE"]
[SourceTitle "CBM 194 Extra"]
[Source "ChessBase"]
[SourceDate "2020.03.31"]
[SourceVersion "1"]
[SourceVersionDate "2020.03.31"]
[SourceQuality "1"]
[WhiteTeam "Kromeriz Slavia"]
[BlackTeam "Novy Bor"]
[WhiteTeamCountry "CZE"]
[BlackTeamCountry "CZE"]

1. d4 Nf6 2. Bf4 g6 3. Nc3 Bg7 4. e4 d5 5. e5 Ne4 6. Nxe4 dxe4 7. Qd2 0-0 8. 0-0-0 c5 9. dxc5 Qxd2+ 10. Bxd2 Nc6 11. f4 exf3 12. Nxf3 Bg4 13. h3 Bxf3 14. gxf3 Nxe5 15. f4 Nc6 16. Bg2 Rfc8 17. c3 e6 18. Kc2 Rc7 19. Be3 a5 20. Rd2 Kf8 21. a4 Ke8 22. Rhd1 Bf8 23. Bf1 Bh6 24. Bb5 Ke7 25. Kb3 Rac8 26. Kc4 Ne5+ 27. fxe5 Bxe3 28. Rd7+ Kf8 29. Rxc7 Rxc7 30. Rd8+ Kg7 31. b4 Bf4 32. Kd4 f6 33. exf6+ Kxf6 34. Rd7 h5 35. Rxc7 Bxc7 36. Bd3 g5 37. Be2 g4 38. hxg4 hxg4 39. Bxg4 Ke7 40. Kc4 Kd7 41. Kb5 Bd8 42. bxa5 Kc7 43. Bxe6 Bf6 44. c4 Bd4 45. Bd5 Be3 46. Bf3 Bf2 47. Kb4 Be1+ 48. Kb5 Bf2 49. c6 bxc6+ 50. Bxc6 Kd6 51. Bf3 Be3 52. Ka6 Kc7 53. Kb5 Kd6 54. a6 Ba7 55. Bd5 Kc7 56. c5 Bb8 57. a7 Bxa7 58. a5 Kd7 59. Be6+ Kxe6 60. Kc6 Bxc5 1/2-1/2

[Event "CZE-ch blitz"]
[Site "Prague"]
[Date "2019.12.21"]
[Round "10"]
[White "Rasik, Vitezslav"]
[Black "Rubes, Jan"]
[Result "1/2-1/2"]
[WhiteElo "2476"]
[BlackElo "2357"]
[PlyCount "46"]
[EventDate "2019.12.21"]
[EventType "swiss (blitz)"]
[EventRounds "15"]
[EventCountry "CZE"]
[SourceTitle "CBM 193 Extra"]
[Source "ChessBase"]
[SourceDate "2020.01.31"]
[SourceVersion "1"]
[SourceVersionDate "2020.01.31"]
[SourceQuality "1"]

1. e4 c5 2. Nf3 Nc6 3. Bb5 g6 4. c3 Bg7 5. d4 cxd4 6. cxd4 d5 7. exd5 Qxd5 8. Nc3 Qe6+ 9. Be3 a6 10. d5 Qd6 11. Ba4 b5 12. dxc6 bxa4 13. Qxd6 exd6 14. Nxa4 Ne7 15. Nb6 Rb8 16. c7 Rb7 17. Rc1 0-0 18. b3 Nf5 19. Nd5 Be6 20. 0-0 Rc8 21. Rfd1 Bxd5 22. Rxd5 Rbxc7 23. Rxc7 Rxc7 1/2-1/2